La inversión extranjera en Costa Rica. Polémica entre el presidente del Banco Central, Lic. don Bernal Jiménez Monge, y el diputado Eduardo Mora Valverde /
Documento que recoge el debate acerca de la magnitud, importancia y las consecuencias de las inversiones extranjeras en Costa Rica, según dos pensamientos económicos yuxtapuestos: el socialdemócrata y el marxista. Las tesis son apoyadas con datos estadísticos. LOB/mb
Guardat en:
| Autor principal: | |
|---|---|
| Altres autors: | |
| Format: | Text |
| Publicat: |
San José:
Libería nternacional
|
| Matèries: | |
| Etiquetes: |
Afegir etiqueta
Sense etiquetes, Sigues el primer a etiquetar aquest registre!
|
MARC
| LEADER | 00000 a a2200000 04500 | ||
|---|---|---|---|
| 001 | 13415 | ||
| 003 | |||
| 040 | |||
| 090 | |a 026800 | ||
| 100 | |a Jiménez Monge, Bernal | ||
| 245 | |a La inversión extranjera en Costa Rica. Polémica entre el presidente del Banco Central, Lic. don Bernal Jiménez Monge, y el diputado Eduardo Mora Valverde / |c Bernal Jiménez Monge | ||
| 260 | |a San José: |b Libería nternacional | ||
| 300 | |a 43 p. | ||
| 300 | |b **no definido** | ||
| 520 | |a Documento que recoge el debate acerca de la magnitud, importancia y las consecuencias de las inversiones extranjeras en Costa Rica, según dos pensamientos económicos yuxtapuestos: el socialdemócrata y el marxista. Las tesis son apoyadas con datos estadísticos. LOB/mb | ||
| 650 | |a INVERSIONES EXTRANJERAS | ||
| 650 | |a CONSECUENCIAS SOCIALES | ||
| 650 | |a CONSECUENCIAS ECONOMICAS | ||
| 650 | |a PAISES EN DESARROLLO | ||
| 650 | |a PAISES DESARROLLADOS | ||
| 650 | |a CREDITO | ||
| 650 | |a MERCADOS COMUNES | ||
| 650 | |a BALANZA DE PAGOS | ||
| 650 | |a AGRICULTURA | ||
| 650 | |a INDUSTRIA | ||
| 650 | |a TRANSPORTE | ||
| 650 | |a VIVIENDA | ||
| 650 | |a EDUCACION | ||
| 650 | |a SALUD PUBLICA | ||
| 650 | |a COMUNICACION | ||
| 650 | |a PRESTAMOS | ||
| 650 | |a INVERSIONES | ||
| 700 | |a Mora Valverde, Eduardo | ||
| 999 | |c 6655 |d 6655 | ||
